Safety in process plant design /

Guardado en:
Autor Principal: Wells, G. L.
Formato: Libro
Idioma:English
Publicado: London : New York : G. Godwin in association with the Institution of Chemical Engineers ; J. Wiley, 1980.
Materias:
Etiquetas: Agregar Etiqueta
Sin Etiquetas, Sea el primero en etiquetar este registro!
LEADER 01004nam a22002535a 4500
001 EIQ.libpla003166
008 801122s1980####enka#####b####001#0#eng#d
005 20071030195118.0
245 1 0 |a Safety in process plant design /  |c G. L. Wells. 
260 |a London :  |b G. Godwin in association with the Institution of Chemical Engineers ;  |a New York :  |b J. Wiley,  |c 1980. 
300 |a xiv, 276 p. :  |b il. (1 pleg.) ;  |c 24 cm. 
504 |a Incluye referencias bibliográficas e índice. 
020 |a 0470269073 (Halsted Press) 
100 1 |a Wells, G. L. 
082 0 0 |a 660.2/804  |2 19 
650 4 |a Fábrica de productos químicos  |x Medidas de seguridad. 
650 4 |a Fábrica de productos químicos  |x Diseño. 
650 4 |a Fábrica de productos químicos  |x Construcción. 
650 4 |a Chemical plants  |x Design. 
650 4 |a Chemical plants  |x Construction. 
650 0 |a Chemical plants  |x Safety measures. 
010 |a  80509467  
040 |a DLC  |c DLC  |d AR-BbSID 
859 |a AR-BbSID  |b BIB. PLAPIQUI  |h 660.280 4  |i W 44  |p 1942